The payment of wages : (Record no. 43480)
[ view plain ]
| 000 -LEADER | |
|---|---|
| fixed length control field | 00907nam a2200265 4500 |
| 001 - CONTROL NUMBER | |
| control field | 43480 |
| 003 - CONTROL NUMBER IDENTIFIER | |
| rucl marc code | BD-RJUL |
| 005 - DATE AND TIME OF LATEST TRANSACTION | |
| control field | 20211209053714.0 |
| 008 - FIXED-LENGTH DATA ELEMENTS--GENERAL INFORMATION | |
| fixed length control field | 160622s1918 enk 001 0 eng d |
| 035 ## - SYSTEM CONTROL NUMBER | |
| System control number | BD-RJUL 43598 |
| 040 ## - CATALOGING SOURCE | |
| Original cataloging agency | BD-RjUL |
| Language of cataloging | eng |
| Transcribing agency | BD-RjUL |
| 041 ## - LANGUAGE CODE | |
| Language code of text/sound track or separate title | eng |
| 082 ## - DEWEY DECIMAL CLASSIFICATION NUMBER | |
| Edition number | 23 |
| Classification number | 331.22 |
| Author mark and year | COP 1918 |
| 100 1# - MAIN ENTRY--PERSONAL NAME | |
| Personal name | Cole, G. D. H. |
| Fuller form of name | (George Douglas Howard), |
| Dates associated with a name | 1889-1959. |
| 9 (RLIN) | 127557 |
| 245 14 - TITLE STATEMENT | |
| Title | The payment of wages : |
| Remainder of title | a study in payment by results under the wage-system / |
| Statement of responsibility, etc. | by G.D.H. Cole. |
| 260 ## - PUBLICATION, DISTRIBUTION, ETC. (IMPRINT) | |
| Place of publication, distribution, etc. | London : |
| Name of publisher, distributor, etc. | Fabian Research Department : |
| -- | George Allen and Unwin, |
| Date of publication, distribution, etc. | [1918]. |
| 300 ## - PHYSICAL DESCRIPTION | |
| Pagination | vi, 155 p. ; |
| Size | 22 cm. |
| 490 1# - SERIES STATEMENT | |
| Series statement | Trade union series ; |
| Volume/sequential designation | no. 5 |
| 650 #0 - SUBJECT ADDED ENTRY--TOPICAL TERM | |
| Topical term or geographic name as entry element | Wages. |
| 9 (RLIN) | 133560 |
| Topical term or geographic name as entry element | Piecework. |
| 9 (RLIN) | 133536 |
| Topical term or geographic name as entry element | Bonuses (Employee fringe benefits) |
| Geographic subdivision | Great Britain. |
| 9 (RLIN) | 133561 |
| 830 #0 - SERIES ADDED ENTRY--UNIFORM TITLE | |
| Uniform title | Trade union series ; |
| Volume number/sequential designation | no. 5 |
| 942 ## - ADDED ENTRY ELEMENTS (KOHA) | |
| Source of classification or shelving scheme | Dewey Decimal Classification |
| Koha item type | Books |
| Lost status | Source of classification or shelving scheme | Damaged status | Not for loan | Collection code | Permanent Location | Current Location | Shelving location | Date acquired | Source of acquisition | Total Checkouts | Full call number | Date last seen | Copy number | Koha item type |
|---|---|---|---|---|---|---|---|---|---|---|---|---|---|---|
| Dewey Decimal Classification | Non-fiction | Central Library, University of Rajshahi | Central Library, University of Rajshahi | 25/03/1974 | B.N.B.C. | 331.22 COP 1918 | 22/06/2016 | C-2 | Books |